000 00834nam a2200205 i 4500
001 36508
003 ES-MaACL
005 20230906155402.0
007 t|
008 030218s1946 be ||||1| fre d
100 1 _aBruyne, Edgar de.
_932240
245 1 0 _aEtudes d'esthetique médiévale /
_cEdgar de Bruyne.
260 _aBrugge (Belgüe) :
_bDe Tempel,
_c1946.
300 _a3 t. ;
_c25 cm.
490 1 _aRijksuniversiteit te gent. Werken Uitgegeven Door de Faculteit van de Wijsbegeeste en Letteren ;
_v97-99
505 8 _aContiene: T. I: De boèce a Jean Scot Erigène. -- T. II: L'Epoque romane. -- T. III: Le XIIIe siècle
830 0 _aRijksuniversiteit te gent. Werken Uitgegeven Door de Faculteit van de Wijsbegeeste en Letteren ;
_v97-99
_9229592
852 _aES-MaACL
_jD-6802-4
_bR.30496
999 _c36508
_d36508